000
00304nam a2200121Ia 4500
008
150201s2012 xx 000 0 und d
082
_a
6.6
_b
DES
100
_a
Desai,Apurva A
245
_a
Computer graphics
260
_b
PHI Learning Private Limited
_a
New Delhi
_c
2012
300
_a
347p.
942
_2
ddc
_c
BK
999
_c
5555
_d
5555